000 00705nam a2200217 i 4500
001 31583
003 ES-MaACL
005 20230906154418.0
007 t|
008 030129s1958 sp ||||1| spa d
080 _a35(460)(091)
080 _a35(8.03)(091)
100 1 _aBeneyto, Juan.
_927558
245 1 0 _aHistoria de la administración española e hispanoamericana /
_cJuan Beneyto.
260 _aMadrid :
_bAguilar,
_c1958 (
_fMagisterio Español)
300 _aXVI, 632 p. ;
_c24 cm.
651 4 _aEspaña-
_xAdministración-
_vHistoria.
_9152935
651 _aAmérica española-
_xAdministración.
_9168386
651 4 _aAmérica Latina-
_xAdministración.
_9173037
852 _aES-MaACL
_jC-16091
999 _c31583
_d31583